000 00813nas a2200265 4500
001 BR9804537
003 BR-BrBNA
005 20231205101103.0
007 ta
008 230509b bl.|||p| |||| 00| 00por d
040 _aBR-BrBNA
_bpor
_cBiblioteca Nacional de Agricultura
041 _a(Pt)
072 _aK10
100 1 _aCastro, A.W.V. de
100 1 _aFarias Neto, J.T. de
100 1 _aCavalcante, E. da S.
245 1 _aEfeito do espacamento na produtividade de biomassa de taxi-branco (Sclerolobium paniculatum Vogel)
650 _aTaxi Branco
650 _aProducao Florestal
650 _aEspacamento
650 _aAmapa
773 0 _tActa Amazonica (Brazil)
_xISSN 0044-5967
_g(Jun 1998), v. 28(2) p. 141-146
_wBR9804537
909 _a202311
_bLúcia
_c55
_dLúcia Elande
942 _2AGRIS
_n0
_cANA
999 _c159645
_d159645